000 00922nam a2200265Ia 4500
005 20250425162120.0
008 250425s9999 xx 000 0 und d
020 _a9589412017
041 _aspa
082 _a631.5
100 _aCADAVID GUTIÉRREZ, JESÚS IVÁN
245 0 _aGRANJA INTEGRAL AUTOSUFICIENTE : CRÍE GALLINA CONEJOS Y CURIES
250 _a3A ED.
260 _aBOGOTA
260 _aColombia
_bDISLOQUE
_c1995
300 _a136
520 _aPRESENTA ALGUNAS RECOMENDACIONES QUE PERMITEN HACER MAS EFICIENTE Y MAS FACIL EL MANEJO DE LOS CONEJOS, NO SOLO A ESCALA DE AUTOCONSUMO, SINO TAMBIEN A NIVEL COMERCIAL. EL CONEJO ADEMAS DE SER HERBIVORO Y ECONOMICO DE ALIMENTAR, CONSTITUYE LA MEJOR PR
650 _aANATOMIA ANIMAL
650 _aCRIA DE CONEJOS
650 _aCRIA DE CURIES
650 _aCRIA DE GALLINAS
650 _aFISIOLOGIA VETERINARIA
942 _c01
010 _a51095
999 _c222652
_d222652